000 00585nam a2200217 a 4500
001 0001-2031
003 ELIB.Books
008 190625 2010 eng
020 _aKBTS
092 _a266.009
_bPoc
100 _aPocock, Michael.
245 _aThe Changing Face of World Missions
260 _aGrand Rapids, Michigan
_bBaker Academic
_c2005
300 _a391
_c20 Cm
650 _aMission Theory
856 _nKBTS Library
_uKBTS Elib
942 _2ddc
_cBK
990 _a2
998 _aEnglishbooks.elf
_ccat
_e2019-06-25
_mcat
_u2019-08-13
999 _c12031
_d12031